| 000 | 00855nam a2200217 a 4500 | ||
|---|---|---|---|
| 003 | 0 | ||
| 005 | 20250429113436.0 | ||
| 008 | 050808s19uu xx 00 eng d | ||
| 050 |
_aPHS QK 861 _b.C46 2005 |
||
| 100 | _aChoi, Nak-Hoon. | ||
| 245 |
_aA comparative study on the effects of Chichirica (Catharanthus roseus) leaf, root and stem extracts in cell division on onion (Allium cepa) root tips / _cNak-Hoon Choi. |
||
| 260 |
_aLas PiƱas City, Philippines : _bSouthville International School and Colleges, _c2005. |
||
| 300 |
_a43 pages : _billustrations ; _c28 cm. |
||
| 504 | _aIncludes bibliographical references. | ||
| 650 |
_2Library of Congress Subject Headings _aPlant cell division. |
||
| 650 |
_aPlant extracts _xPhysiological effect. |
||
| 650 | _aCatharanthus roseus. | ||
| 650 | _aAllium cepa. | ||
| 942 |
_2lcc _cPASS |
||
| 999 |
_c97206 _d97206 |
||